| 000 | 01694nam2a22002651 4500 | ||
|---|---|---|---|
| 001 | RU\NLR\A2\4684 | ||
| 005 | 20251214191637.0 | ||
| 035 | _a(NLR Aleph) 009858204 | ||
| 090 |
_a13487903 _c13487903 |
||
| 100 | _a19970214d1776 u y0rusy50 ca | ||
| 101 | 1 |
_afre _cger |
|
| 200 | 1 | _aDescription de toutes les nations de l'Empire de Russie, où l'on exposé leurs moeurs et manières de vivre, leure religions, usages, habitations, habillemens et autres particularités remarquables, qui contient les nations tatares établies dans cet Empire | |
| 210 |
_a[St. Pétersbourg (St.- Peterburg)] _cAux dépens de Charles Guillaume Müller _d1776 |
||
| 215 | _a[4], 228, [4] с., [28] л. ил. | ||
| 461 | 1 |
_1001RU\NLR\A2\4682 _12000#$aDescription de toutes les nations de l'Empire de Russie, où l'on exposé leurs moeurs, religions, usages, habitations, habillemens et autres particularités remarquables$eTraduite de l'allemand$vColl.2 _1700#1$6a01700$aGeorgi$bJ.G.$f1729-1801$gJohann Gottlieb$4070 _1700#1$6a01700$7ca$aГеорги$bИ.И.$f1729-1801$gИван Иванович$4070 _910374078 _aGeorgi, J.G. (1729-1801) _cSt. Pétersbourg [St.- Peterburg] _d1776-1777 _nAux dépens de Charles Guillaume Müller _oTraduite de l'allemand _tDescription de toutes les nations de l'Empire de Russie, où l'on exposé leurs moeurs, religions, usages, habitations, habillemens et autres particularités remarquables _vColl.2 |
|
| 620 | _dSt.- Peterburg | ||
| 702 | 1 |
_6z01790 _aMüller _bC.W. _gCarl Wilhelm _4400 |
|
| 790 | 1 |
_6z01702 _aMüller _gCharles Guillaume _4400 |
|
| 801 | 0 |
_aRU _bNLR _c19970214 |
|
| 852 |
_aNLR _j13.6.5.5 |
||
| 942 | _cBOOK | ||
| 980 | _aRossica | ||
| 980 | _ain18 | ||
| 980 | _aNB | ||